000 00699nam a2200229 a 4500
001 37017
003 BD-RjUL
005 20211209052553.0
008 141001s1990 nyua 000 0 eng d
020 _a0716720752
035 _aBNB issue 2152
_a(BD-RjUL)37119
040 _aBD-RjUL
_beng
_cBD-RjUL
_dBD-RjUL
041 _aeng
082 _a574.192
_220
_bSTU 1990
245 0 0 _aStudent's companion to Stryer's Biochemistry /
_cRichard I. Gumport...[et al.].
260 _aNew York :
_bFreeman,
_cc1990.
300 _axi, 646 p. :
_bill. ;
_c28 cm.
650 0 _aBiochemistry.
_9113131
700 1 _aGumport, Richard I.
_9113132
700 1 _aStryer, Lubert.
_tBiochemistry.
_934471
942 _2ddc
_cBK
999 _c37017
_d37017